| Поле | Инд. | ПП | Название | Значение |
|---|---|---|---|---|
| Тип записи | a | |||
| Библиографический уровень | m | |||
| 001 | Контрольный номер | RU/IS/BASE/235756691 | ||
| 005 | Дата корректировки | 20220801115048.9 | ||
| 020 | c | Цена, тираж | 1-20 | |
| 040 | b | Код языка каталог. | rus | |
| 041 | 0_ | a | Код языка текста | rus |
| 080 | a | Индекс УДК | 004.42 | |
| 084 | a | Индекс другой классификации/Индекс ББК | 32.973.202-018.1 | |
| 090 | a | Полочн. индекс | 681.3 | |
| c | Каталожный индекс | 681.3 | ||
| x | Авторский знак | Б43 | ||
| 097 | b | Оператор | 11 | |
| 100 | 1_ | a | Автор | Белоногов Г. Г. |
| 245 | 10 | a | Заглавие | Языковые средства автоматизированных информационных систем |
| 260 | a | Место издания | М. | |
| b | Издательство | Наука | ||
| c | Дата издания | 1983 | ||
| 300 | a | Объем | 287 с. | |
| 440 | _0 | a | Серия | Библиотечка программиста |
| 510 | 0_ | a | Примечание о ссылках | Книги и методические пособия |
| 650 | 04 | a | Основная рубрика | 50.05 Теоретические основы программирования |
| x | Основная подрубрика | 50.05.09 Языки программирования | ||
| 653 | 0_ | a | Ключевые слова | информационные системы; языки программирования; автоматизированные системы |
| 700 | 12 | a | Другие авторы | Кузнецов Б. А. |
| 901 | t | Тип документа | m |